Logo BPK

Biblioteka

Politechniki Koszalińskiej

Politechnika Śląska : (Rekord nr 16413)

Szczegóły MARC
000 -ETYKIETA REKORDU
podpole kontrolne o stałej długości 00511nam a2200157 i 4500
001 - NUMER KONTROLNY REKORDU
pole kontrolne bg
040 ## - ŹRÓDŁO KATALOGOWANIA
Instytucja, która utworzyła rekord BPK
041 ## - KOD JĘZYKA
Kod języka tekstu pol
008 - POLE O STAŁEJ DŁUGOŚCI - DANE KONTROLNE
podpole kontrolne o stałej długości s pl f |000 0 pol
100 1# - NAZWA OSOBOWA
Nazwa osobowa Szewczyk, Wilhelm.
245 #0 - TYTUŁ/ODPOWIEDZIALNOŚĆ
Tytuł Politechnika Śląska :
Ciąg dalszy tytułu XXX lat w służbie społeczeństwa /
Pozostałe elementy strefy tytułu i oznaczenia odpowiedzialności oprac. i red. tekstu Wilhelm Szewczyk, Barbara Kasprzycka, Iwo Pollo.
260 ## - STREFA ADRESU WYDAWNICZEGO
Miejsce wydania Gliwice :
Nazwa wydawcy/dystrybutora Dział Wydawnictw Politechniki Śląskiej,
Data publikacji, dystrybucji/powstania dokumentu [1975].
700 1# - HASŁO DODATKOWE - NAZWA OSOBOWA
Nazwa osobowa KASPRZYCKA, Barbara.
700 1# - HASŁO DODATKOWE - NAZWA OSOBOWA
Nazwa osobowa POLLO, Iwo.
856 ## - LOKALIZACJA I DOSTĘP DO ELEKTRONICZNYCH DOKUMENTÓW ZDALNYCH
Link (URL) http://koha.tu.koszalin.pl/cgi-bin/koha/opac-detail.pl?biblionumber=16413
Tekst linku Katalog online BPK
942 ## - DODATKOWE ELEMENTY (KOHA)
Typ dokumentu Książka
Egzemplarze
Wycofany Status egzemplarza Uszkodzony Dostępność Lokalizacja stała Lokalizacja bieżąca Miejsce przechowywania Sygnatura Kod kreskowy Typ dokumentu
      Dostępny Biblioteka Politechniki Koszalińskiej Biblioteka Politechniki Koszalińskiej Wypożyczalnia BG 20143 01709520 Książka
© 2023 Biblioteka Politechniki Koszalińskiej :: KOHA